Statistics for Tim and Eric Awesome Show, Great Job! Guest Stars

Click here to take the quiz!

General Stats

  • This quiz has been taken 58 times
    (57 since last reset)
  • The average score is 19 of 38

Answer Stats

Example of character portrayedActor% Correct
Uncle MusclesWeird Al Yankovic
100%
(Self) Puppeteer, performs songs like 'I'm in love with an insect woman'David Liebe Hart
92%
Dr. Steve Brule, amateur doctorJohn C. Reilly
92%
(Self) Wordplay/poorly done impressions comedianJames Quall
90%
Hosts 'Forting with Will'Will Forte
88%
(Self) Host of Dunn & DunngeonsRichard Dunn
82%
Mediates conflict stemming from Tim killing Eric's rascalBob Odenkirk
78%
Celery Man, Oyster, Tane and selfPaul Rudd
76%
Tairy Greene, of Little Dancing Man, etcZach Galifianakis
76%
Actor in 'Pizza Boy' (PSA on saying no to sex)David Cross
70%
Endorses WaitMaite, handsome according to EricJeff Goldblum
64%
Kitty Cat ManMichael Cera
58%
Sings 'Do you really have to pee in a girl's mouth to make babies?'Rainn Wilson
58%
Donald Mahanahan, of the Original Child Clown OutletWill Ferrell
58%
Sings the songs of Casey Tatum on infomercialJosh Groban
56%
Hosts 'Cleaning up after your cat'Maria Bamford
56%
J Q's best friend at sailing (college)Jonah Hill
54%
Guest on Dunn & DunngeonsDave Navarro
50%
Sings a song about his favorite drink which he hasn't had since he was an infantPatton Oswalt
48%
At first, hates Tim and Eric's idea to collaborate/change last name to StillhurBen Stiller
46%
Endorses the Cinco PhoneEd Begley Jr
46%
Hosts 'Focus on Comedy' (Wants to know what Tim and Eric are smoking)Michael Ian Black
44%
Survives a a car accident, but is then shrunken to a tiny sizeTed Danson
44%
KJ Nutt, hosts 'Hobby Holes'Fred Armisen
42%
Eric's gift to Tim (a comedy genius to work with)Robin Williams
40%
Endorses the NappleAlan Thicke
34%
Plays aforementioned comedian in "The J__ Q__ Story"Bill Hader
34%
Plays Eric in Spaghett filmBrian Posehn
34%
The Dark ManMarilyn Manson
34%
Watches Tim and Eric's Tennis Showdown with his SNL colleagueAndy Samberg
28%
The moon (tells Tim and Eric that they're doing great)Paul Reubens
28%
Director of Crystal ShypsAD Miles
24%
Best man who helps out a groom with the DiarrheaphragmJack McBrayer
24%
Eric's Tennis Showdown DoubleJemaine Clement
20%
Endorses Man NipPatrick Duffy
20%
Host of Tragg's Trough, feeds his guests blendarized food mix with Brown SlopFred Willard
18%
Tim's Tennis Showdown DoubleBrett McKenzie
14%
Detective who finds Casey's BonesWendell Pierce
4%

Score Distribution

Percentile by Number Answered

Percent of People with Each Score

Your Score History

You have not taken this quiz since the last reset